000 00494nam a2200181Ia 4500
005 20250923144516.0
008 008 250917s9999 xx 000 0 eng d
037 _aReports
040 _aDSWL
_beng
_cDSWL
041 _aeng
_2eng
084 _qDSWL
100 _aBergel, Egon Ernest
_9825597
245 0 _aUrban Sociology
_cby Egon Ernest Bergel
260 _aNew York
_b Mc Graw Hill Book Company
_c1955
300 _axiv,556p.
942 _cREP
999 _c1439810
_d1439810